Les chansons de Werenoi- Mort subite - Statistiques

Statistiques générales
  • Ce quiz a été pris 3 679 fois
  • Le résultat moyen est 8 sur 12
Answers on the Grid
Answers color-coded by a green-red scale on the quiz's grid according to % correct below.
Laboratoire
Tu connais
Mauvaise
Pyramide
All eyes on me
Poney
Chemin d'or
Solitaire
Ciao
Scarface
Pétunias
Maudit
Vrais
Un Poco
Seul
Chemin d'argent
All eyes on you
Mauvais
Cheval
Macarena
Holà
CARTIER SANTOS
Roro
Titulaires
 
Statistiques - réponses
Réponse % Correct
Chemin d'or
71%
Pyramide
69%
Laboratoire
68%
Pétunias
67%
Poney
65%
Solitaire
65%
Maudit
64%
All eyes on me
63%
Tu connais
63%
Scarface
59%
Ciao
58%
Mauvaise
58%
Aucun quiz correspondant
Distribution des résultats
% des personnes avec chaque résultat
Percentile par nombre de réponses
Votre historique - résultats
Vous n’avez pas pris ce quiz